| 000 | 00559cam a2200193 4500 | ||
|---|---|---|---|
| 001 | B3489 | ||
| 008 | 090401t1991 xxu||||| |||| 00| 0 eng d | ||
| 035 | _a(Sirsi) u56270 | ||
| 041 | _aeng | ||
| 050 | _a692.3 | ||
| 245 | 4 | _aThe Valuation Office code of measuring practice for rating purposes in England and Wales | |
| 260 |
_aLondon _bBoard of Inland Revenue Valuation Office _c1991 |
||
| 300 | _a27p. : ill. ; 21cm. | ||
| 350 | _a0 | ||
| 520 | _aPocket-sized version. | ||
| 650 | _aMEASUREMENT/ RATES AND RATING/ | ||
| 942 | _n0 | ||
| 948 | _c04/03/1997 | ||
| 999 |
_c93759 _d93759 |
||